Представление документа в формате RUSMARC

ПолеНазваниеЗначение
  Тип записи a
  Библиографический уровень m
001 Контрольный номер RuMoRGB-007547536
005 Дата корректировки 20180510182227.5
010 Индекс ISBN __
a ISBN 978-5-9614-5718-6
d Цена 319-20
021 № государственной регистрации __
b № документа 14-65700
100 Данные общей обработки __
a Данные общей обработки 19140904d20 |||y0rusy0189 ca
101 Язык документа __
a Язык текста rus
c Язык оригинала eng
102 Страна публикации __
a Страна публикации ru
102 Страна публикации __
a Страна публикации ru
105 Кодированные данные (монография) __
a Кодированные данные (монография) y zzzz000zy
200 Заглавие и сведения об ответственности __
a Заглавие Баловать нельзя контролировать
e Сведения, относящиеся к заглавию как воспитать счастливого ребёнка : перевод с английского
f Первые сведения об ответственности Робин Берман
200 Заглавие и сведения об ответственности __
d Параллельное заглавие Permission to parent
205 Сведения об издании __
a Основные сведения об издании 4-е изд.
210 Выходные данные __
a Место издания Москва
c Издательство Альпина Паблишер
d Дата издания 2016
215 Физическое описание __
a Объем 277, [2] с.
330 Аннотация __
a Аннотация О том, как надо проявлять родительскую любовь и заботиться о своих детях, чтобы они выросли уверенными в себе, самостоятельными, счастливыми людьми, умеющими любить и делать счастливыми других.
333 Примечание о целевом назначении __
a Примечание о целевом назначении 0+
606 Тематические рубрики __
a Основная рубрика Образование. Педагогика
606 Тематические рубрики __
a Основная рубрика Семейное воспитание и образование
606 Тематические рубрики __
a Основная рубрика Психология
606 Тематические рубрики __
a Основная рубрика Возрастная психология
610 Ключевые слова __
a Ключевые слова воспитание детей
a Ключевые слова детская психология
a Ключевые слова психология детская
686 Индексы других классификаций __
a Индекс ББК 74.9
686 Индексы других классификаций __
a Индекс ББК 88.41
700 Автор _1
a Фамилия Берман
b Имя Р.
g Полное личное имя Робин
801 Источник записи _0
a Страна ru
b Организация РГБ
c Дата составления 20140904
g Правила каталогизации RCR
801 Источник записи _1
a Страна ru
b Организация РГБ
c Дата составления 20140904
801 Источник записи _2
a Страна ru
b Организация Центральная районная библиотека им. Г. А. Пирожникова
c Дата составления 20140904
852 Данные о местонахождении __
j Шифр хранения 74.9
i Авторский знак Б 50
b Сигла хранения 8; 29
902 Роль лиц __
a Создатель БЗ ОКиО/Шумских
990 Данные о заказе (DOS) __
j Количество экземпляров (DOS) 2
h N записи в КСУ для Б/У (DOS) 2016-13